000 00751cam a2200193 a 4500
001 000001508
005 20200929145612.0
008 811123s1963 it 000 0 ita d
040 _aDO-SdBNP
_bspa
_cBNPHU
082 _axx
_bO71d, 1963
100 1 _aOrlandi, Giuseppe,
_d1884-
_94979
245 1 0 _aDizionario italiano-inglese, inglese-italiano :
_bvoci dell'uso corrente e familiare e della lingua classica, termini commerciali, scientifici, tecnici, americanismi, voci del gergo /
_cGiuseppe Orlandi.
250 _a3a ed.
260 _aMilano :
_bCarlo Signorelli,
_c1963.
300 _axiv, 2080 p. ;
_c22 cm.
650 0 _aItalian language
_xDictionaries
_xEnglish.
_94980
650 0 _aEnglish language
_xDictionaries
_xItalian.
_94981
049 _aBNGR
999 _c1412
_d1412